| 000 | 00380nam a2200133Ia 4500 | ||
|---|---|---|---|
| 008 | 180219s9999 xx 000 0 und d | ||
| 020 | _a9719245689 | ||
| 100 | _aGapuz's Ray A. | ||
| 245 |
_aBook of T.I.P.S : _bTotal innovative personalized supplemental review |
||
| 250 | _a1st ed | ||
| 260 |
_aSampaloc City : _bGapuz Publishing _c2005 |
||
| 300 | _a143 pages | ||
| 440 | _vvol 1 | ||
| 999 |
_c355939 _d355939 |
||